000
00303nam a22001337a 4500
008
180918b xxu||||| |||| 00| 0 eng d
020
_a
9781883589998
041
_a
eng
080
_a
321
100
_a
19
101
_a
SHP
245
_a
Common Sense and Foregin Policy
_c
Stempel, J.D
942
_2
udc
_c
BK
999
_c
47888
_d
47888